Hvězdy na cestě /
Úspěšný stárnoucí herec Igor se po smrti své matky vydává na cestu na Krétu, kde se pokusí zrekapitulovat svůj život.
Uloženo v:
| Hlavní autor: | |
|---|---|
| Další autoři: | |
| Médium: | E-audiokniha |
| Jazyk: | Czech |
| Vydáno: |
Praha :
Voxi,
[2020]
|
| Témata: | |
| Tagy: |
Žádné tagy |
| LEADER | 04383nim a2200985 i 4500 | ||
|---|---|---|---|
| 001 | 313074 | ||
| 003 | CZ PrSKC | ||
| 005 | 20260601215734.0 | ||
| 007 | sd fungnnmmned | ||
| 008 | 201119t20202020xr nnnng f n cze | ||
| 015 | |a cnb003265166 | ||
| 024 | 3 | |a 8594050431157 | |
| 040 | |a ABA001 |b cze |e rda | ||
| 072 | 7 | |a 821.162.3-3 |x Česká próza |2 Konspekt | |
| 080 | |a 821.162.3-31 |2 MRF | ||
| 080 | |a (0:82-31)-055.2 |2 MRF | ||
| 080 | |a (086.7)08 |2 MRF | ||
| 080 | |a (086.76) |2 MRF | ||
| 100 | 1 | |a Krajčo Babinská, Karin, |d 1974- |7 xx0064428 |4 aut |4 drt | |
| 245 | 1 | 0 | |a Hvězdy na cestě / |c Karin Krajčo Babinská |
| 264 | 1 | |a Praha : |b Voxi, |c [2020] | |
| 264 | 4 | |c ©2020 | |
| 300 | |a 1 audiodisk (8 hod., 30 min.) ; |c 12 cm | ||
| 306 | |a 083000 | ||
| 336 | |a mluvené slovo |b spw |2 rdacontent | ||
| 337 | |a audio |b s |2 rdamedia | ||
| 338 | |a audiodisk |b sd |2 rdacarrier | ||
| 344 | |a digital |b optical |2 rda | ||
| 347 | |a audio soubor |b MP3 |2 rda | ||
| 500 | |a Název z disku | ||
| 500 | |a Copyright Albatros Media | ||
| 500 | |a Nezkrácená audiokniha na 1 CD ve formátu mp3 | ||
| 500 | |a Podle stejnojmenné knihy vydané nakladatelstvím CPress v roce 2020 | ||
| 500 | |a Na CD chybné číslování a nesprávné pořadí kapitol | ||
| 508 | |a Režie Karin Krajčo Babinská | ||
| 511 | 0 | |a Čte Richard Krajčo | |
| 520 | 2 | |a Úspěšný stárnoucí herec Igor se po smrti své matky vydává na cestu na Krétu, kde se pokusí zrekapitulovat svůj život. |b V minulosti stárnoucího slavného herce Igora a jeho dcery, úspěšné spisovatelky Vandy, se skrývá tragédie, která navždy změnila jejich životy. Po letech odcizení se setkávají na Krétě, aby tu splnili jedno poslední přání. Podaří se jim během společných dnů ustát řadu vypjatých situací a najít k sobě ztracenou cestu? Emotivní vyprávění o vině a odpuštění vás spolu s hrdiny dovede k jasnému poselství: Každý má svůj příběh, jen ho nikdy nevidíme celý. Nakladatelská anotace. | |
| 655 | 7 | |a české romány |7 fd133974 |2 czenas | |
| 655 | 7 | |a romány pro ženy |7 fd187897 |2 czenas | |
| 655 | 7 | |a audioknihy |7 fd119452 |2 czenas | |
| 655 | 7 | |a kompaktní disky |7 fd201991 |2 czenas | |
| 700 | 1 | |a Krajčo, Richard, |d 1977- |7 ja20020080348 |4 nrt | |
| 900 | |a ABA001 |b 18 | ||
| 044 | |a xr | ||
| 505 | 0 | 0 | |t Prolog (5 min., 27 sek.) |
| 505 | 0 | 0 | |t Kapitola 1 (23 min., 13 sek.) |
| 505 | 0 | 0 | |t Kapitola 2 (16 min., 9 sek.) |
| 505 | 0 | 0 | |t Kapitola 3 (10 min., 48 sek.) |
| 505 | 0 | 0 | |t Kapitola 4 (3 min., 44 sek.) |
| 505 | 0 | 0 | |t Kapitola 5 (6 min., 43 sek.) |
| 505 | 0 | 0 | |t Kapitola 6 (6 min., 56 sek.) |
| 505 | 0 | 0 | |t Kapitola 7 (18 min., 51 sek.) |
| 505 | 0 | 0 | |t Kapitola 8 (13 min., 15 sek.) |
| 505 | 0 | 0 | |t Kapitola 9 (6 min., 7 sek.) |
| 505 | 0 | 0 | |t Kapitola 10 (22 min., 49 sek.) |
| 505 | 0 | 0 | |t Kapitola 11 (9 min., 48 sek.) |
| 505 | 0 | 0 | |t Kapitola 12 (10 min., 54 sek.) |
| 505 | 0 | 0 | |t Kapitola 13 (13 min., 55 sek.) |
| 505 | 0 | 0 | |t Kapitola 14 (16 min., 33 sek.) |
| 505 | 0 | 0 | |t Kapitola 15 (7 min., 5 sek.) |
| 505 | 0 | 0 | |t Kapitola 16 (33 min., 12 sek.) |
| 505 | 0 | 0 | |t Kapitola 17 (37 min., 15 sek.) |
| 505 | 0 | 0 | |t Kapitola 18 (3 min., 31 sek.) |
| 505 | 0 | 0 | |t Kapitola 19 (6 min., 35 sek.) |
| 505 | 0 | 0 | |t Kapitola 20 (7 min., 19 sek.) |
| 505 | 0 | 0 | |t Kapitola 21 (5 min., 37 sek.) |
| 505 | 0 | 0 | |t Kapitola 22 (11 min., 47 sek.) |
| 505 | 0 | 0 | |t Kapitola 23 (6 min., 31 sek.) |
| 505 | 0 | 0 | |t Kapitola 24 (21 min., 5 sek.) |
| 505 | 0 | 0 | |t Kapitola 25 (8 min., 25 sek.) |
| 505 | 0 | 0 | |t Kapitola 26 (9 min., 11 sek.) |
| 505 | 0 | 0 | |t Kapitola 27 (15 min., 19 sek.) |
| 505 | 0 | 0 | |t Kapitola 28 (12 min., 21 sek.) |
| 505 | 0 | 0 | |t Kapitola 29 (19 min., 38 sek.) |
| 505 | 0 | 0 | |t Kapitola 30 (25 min., 9 sek.) |
| 505 | 0 | 0 | |t Kapitola 31 (9 min., 23 sek.) |
| 505 | 0 | 0 | |t Kapitola 32 (24 min., 55 sek.) |
| 505 | 0 | 0 | |t Kapitola 33 (5 min., 32 sek.) |
| 505 | 0 | 0 | |t Kapitola 34 (36 min., 28 sek.) |
| 505 | 0 | 0 | |t Kapitola 35 (4 min., 54 sek.) |
| 505 | 0 | 0 | |t Kapitola 36 (5 min., 21 sek.) |
| 505 | 0 | 0 | |t Epilog (7 min., 30 sek.) |
| 910 | |a RBIT002 | ||
| 998 | |d 209478 |a https://core.palmknihy.cz/api/books/209478/cover?s23rc0 |b https://core.palmknihy.cz/api/books/209478/cover/400?s23rc0 |c https://core.palmknihy.cz/api/books/209478/cover/50?s23rc0 |e 2027-12-31 |i 8594050431157 |l 30600 |q 49 |r 1 |s https://www.palmknihy.cz/kniha/209478 |t audiobook |y 2020 |z 0 | ||
| 999 | |d 313072 | ||